A Contribution to the critique of Political economy (Record no. 27974)
[ view plain ]
| 000 -LEADER | |
|---|---|
| fixed length control field | 00454nam a2200181Ia 4500 |
| 003 - CONTROL NUMBER IDENTIFIER | |
| control field | 0100 |
| 005 - DATE AND TIME OF LATEST TRANSACTION | |
| control field | 20190701112818.0 |
| 008 - FIXED-LENGTH DATA ELEMENTS--GENERAL INFORMATION | |
| fixed length control field | 130303s9999 xx 000 0 und d |
| 040 ## - CATALOGING SOURCE | |
| Transcribing agency | ARRUPELIB |
| 050 ## - LIBRARY OF CONGRESS CALL NUMBER | |
| Classification number | HB175.M254 1970 |
| 300 ## - PHYSICAL DESCRIPTION | |
| Other physical details | 23 cm |
| 100 ## - MAIN ENTRY--PERSONAL NAME | |
| Personal name | Marx, Karl |
| 9 (RLIN) | 6499 |
| 245 #2 - TITLE STATEMENT | |
| Title | A Contribution to the critique of Political economy |
| 260 ## - PUBLICATION, DISTRIBUTION, ETC. (IMPRINT) | |
| Place of publication, distribution, etc | Moscow |
| Name of publisher, distributor, etc | Progress Publishers |
| Date of publication, distribution, etc | 1977 |
| 300 ## - PHYSICAL DESCRIPTION | |
| Extent | 263p. |
| 650 ## - SUBJECT ADDED ENTRY--TOPICAL TERM | |
| Topical term following geographic name as entry element | Economics |
| 9 (RLIN) | 46666 |
| 942 ## - ADDED ENTRY ELEMENTS (KOHA) | |
| Source of classification or shelving scheme | Library of Congress Classification |
| Koha item type | Monograph ( Printed materials) |
| Withdrawn status | Lost status | Source of classification or shelving scheme | Damaged status | Not for loan | Collection code | Home library | Current library | Shelving location | Date acquired | Total Checkouts | Full call number | Barcode | Date last seen | Date checked out | Copy number | Price effective from | Koha item type |
|---|---|---|---|---|---|---|---|---|---|---|---|---|---|---|---|---|---|
| Library of Congress Classification | Main Collection | ARRUPE LIBRARY | ARRUPE LIBRARY | 04/03/2013 | 1 | HB175.M254 1970 | 46003044499 | 23/04/2018 | 14/10/2015 | 1 | 04/03/2013 | Monograph ( Printed materials) |